<?xml version="1.0" encoding="UTF-8"?>
<record
    xmlns:xsi="http://www.w3.org/2001/XMLSchema-instance"
    xsi:schemaLocation="http://www.loc.gov/MARC21/slim http://www.loc.gov/standards/marcxml/schema/MARC21slim.xsd"
    xmlns="http://www.loc.gov/MARC21/slim">

  <leader>05188nam a2200493Ia 4500</leader>
  <controlfield tag="001">dia_2720</controlfield>
  <controlfield tag="003">CHAP</controlfield>
  <controlfield tag="005">20240820173409.0</controlfield>
  <controlfield tag="007">ta</controlfield>
  <controlfield tag="008">220117s2015    mx ad  frm    001 0 spa d</controlfield>
  <datafield tag="010" ind1=" " ind2=" ">
    <subfield code="a">176967</subfield>
  </datafield>
  <datafield tag="040" ind1=" " ind2=" ">
    <subfield code="c">CHAP</subfield>
    <subfield code="a">mxchpua</subfield>
    <subfield code="e">rda</subfield>
  </datafield>
  <datafield tag="041" ind1="0" ind2=" ">
    <subfield code="a">spa</subfield>
    <subfield code="b">eng</subfield>
  </datafield>
  <datafield tag="090" ind1=" " ind2=" ">
    <subfield code="a">Tesis </subfield>
    <subfield code="b">M673 </subfield>
    <subfield code="c">2015</subfield>
  </datafield>
  <datafield tag="100" ind1="1" ind2=" ">
    <subfield code="a">Morales Licona, Gerardo</subfield>
  </datafield>
  <datafield tag="240" ind1="1" ind2="0">
    <subfield code="a">Optimization of the nixtamalization of malting barley (Hordeum vulgare L.) and application in sweet cookie integral.</subfield>
    <subfield code="l">Espa&#xF1;ol</subfield>
  </datafield>
  <datafield tag="245" ind1="1" ind2="0">
    <subfield code="a">Optimizaci&#xF3;n de la nixtamalizaci&#xF3;n de cebada maltera (Hordeum vulgareL.) y su aplicaci&#xF3;n en galleta integral dulce /</subfield>
    <subfield code="c">Gerardo Morales Licona</subfield>
  </datafield>
  <datafield tag="264" ind1=" " ind2=" ">
    <subfield code="a">Chapingo, M&#xE9;xico :</subfield>
    <subfield code="b">El autor,</subfield>
    <subfield code="c">2015</subfield>
  </datafield>
  <datafield tag="300" ind1=" " ind2=" ">
    <subfield code="a">87 hojas :</subfield>
    <subfield code="b">ilustraciones, gr&#xE1;ficas, diagramas, tablas +</subfield>
    <subfield code="e">1 CD-ROM</subfield>
  </datafield>
  <datafield tag="336" ind1=" " ind2=" ">
    <subfield code="2">rdacontent</subfield>
    <subfield code="a">texto</subfield>
    <subfield code="b">txt</subfield>
  </datafield>
  <datafield tag="337" ind1=" " ind2=" ">
    <subfield code="2">rdamedia</subfield>
    <subfield code="a">no mediado</subfield>
    <subfield code="b">n</subfield>
  </datafield>
  <datafield tag="338" ind1=" " ind2=" ">
    <subfield code="2">rdacarrier</subfield>
    <subfield code="a">volumen</subfield>
    <subfield code="b">nc</subfield>
  </datafield>
  <datafield tag="500" ind1=" " ind2=" ">
    <subfield code="a">El CD contiene reporte</subfield>
  </datafield>
  <datafield tag="502" ind1=" " ind2=" ">
    <subfield code="a">Tesis </subfield>
    <subfield code="b">(Ingeniero Agroindustrial) -- </subfield>
    <subfield code="c">UACh , Departamento de Ingenier&#xED;a Agroindustrial, </subfield>
    <subfield code="d">2015</subfield>
  </datafield>
  <datafield tag="504" ind1=" " ind2=" ">
    <subfield code="a">Bibliograf&#xED;a: hojas 80-85</subfield>
  </datafield>
  <datafield tag="520" ind1="3" ind2=" ">
    <subfield code="a">La cebada (Hordeum vulgare L.) es un cereal con alto contenido de prote&#xED;na y fibra cruda. En M&#xE9;xico, aproximadamente el 1% de la superficie total sembrada de cebada se utiliza para alimentaci&#xF3;n humana, mientras que el resto se distribuye para malta, forraje y producci&#xF3;n de semilla. Sin embargo, la cebada que es rechazada por la industria maltera, por no alcanzar los par&#xE1;metros de calidad establecidos por la norma, NMX-FF-043-SCFI-2003, se utiliza como alimento para ganado. La presente investigaci&#xF3;n tiene la finalidad de aprovechar este cereal rechazado por la industria, para elaborar harina integral de cebada nixtamalizada (HICN), y con ella producir galletas integrales dulces. Con el prop&#xF3;sito de desarrollar nuevos productos alimenticios humanos, con alto contenido de fibra y valor nutrimental apropiado para que sea una alternativa alimentaria para disminuir la desnutrici&#xF3;n y la obesidad en M&#xE9;xico. Se nixtamaliz&#xF3; la cebada variedad Armida, ensayando 12 tratamientos de nixtamalizaci&#xF3;n generados por las combinaciones de los siguientes factores y niveles: concentraci&#xF3;n de cal (0.1%, 0.3%, 0.5% y 0.8%), tiempos de cocci&#xF3;n (5, 9, 13 y 22 min.) y tiempos de reposo (1.5, 2.0, 2.5 y 4.5 horas). Se identificaron las condiciones &#xF3;ptimas de nixtamalizaci&#xF3;n de la cebada con cascarilla: 0.4% de cal, 12 minutos de cocci&#xF3;n y 2.8 horas de reposo; para la obtenci&#xF3;n de harina integral de cebada nixtamalizada HICN. La calidad nutricional de la HICN corresponde a 12.13% de prote&#xED;na, 0.4% de calcio, 4.46% de fibra cruda y 3.2% de cenizas. Las galletas integrales dulces fueron fabricadas con el 100% de HICN, y como testigo, se elaboraron galletas integrales dulces de harina integral de cebada sin nixtamalizar (HICSN). Las galletas elaboradas con HICSN son sensorialmente m&#xE1;s aceptadas, sin embargo las galletas de mejor calidad nutrimental son las elaboradas con HICN. --</subfield>
  </datafield>
  <datafield tag="520" ind1="3" ind2=" ">
    <subfield code="a">Barley (Hordeum vulgare L.) is a cereal high in protein and crude fiber. In Mexico, about 1% of the total area planted to barley is used for human consumption, while the rest is distributed to malta, forage and seed production. However barley is rejected by the malting industry is used as cattle feed. This research aims to exploit this cereal rejected by industry, to produce nixtamalized flour of barley, and with it producing sweet crackers. With of purpose developing new human food, high in fiber and appropriate nutritional value to be a food alternative to reduce malnutrition and obesity in Mexico. A variety were armida barley were nixtamalized, 12 treatments tested nixtamalization generated by combinations of the following factors and levels lime concentration (0.1%, 0.3%, 0.5% and 0.8%), cooking times (5, 9, 13 and 22 min.) and dwell times (1.5, 2.0, 2.5 and 4.5 hours). Nixtamalization optimum barley husk were identified: 0.4% lime, 12 minutes cooking and 2.8 hours of rest; to obtain barley integral flour nixtamalized (HICN). The nutritional quality of the insurance claim corresponds to 12.13% protein, 0.4% calcium, and crude fiber 4.46% and 3.2% ash. The sweet crackers were manufactured with 100% HICN and as a witness, whole grain crackers sweet barley flour without nixtamalized (HICSN) were developed. The cookies made with HICSN are sensory more acceptability; however the best nutritional quality biscuits are made with HICN.</subfield>
  </datafield>
  <datafield tag="650" ind1="1" ind2="3">
    <subfield code="a">Cebada cervecera  </subfield>
    <subfield code="2">atg</subfield>
  </datafield>
  <datafield tag="650" ind1="1" ind2="3">
    <subfield code="a">Nixtamalizaci&#xF3;n  </subfield>
    <subfield code="2">atg</subfield>
  </datafield>
  <datafield tag="650" ind1="1" ind2="3">
    <subfield code="a">Productos horneados  </subfield>
    <subfield code="2">atg</subfield>
  </datafield>
  <datafield tag="650" ind1="1" ind2="3">
    <subfield code="a">Baked goods  </subfield>
    <subfield code="2">atg</subfield>
  </datafield>
  <datafield tag="650" ind1="1" ind2="3">
    <subfield code="a">Malting barley  </subfield>
    <subfield code="2">atg</subfield>
  </datafield>
  <datafield tag="650" ind1="1" ind2="3">
    <subfield code="a">Nixtamalization</subfield>
    <subfield code="2">atg</subfield>
  </datafield>
  <datafield tag="700" ind1="1" ind2=" ">
    <subfield code="a">Buend&#xED;a Gonz&#xE1;lez, Mar&#xED;a Ofelia</subfield>
    <subfield code="e">directora</subfield>
  </datafield>
  <datafield tag="700" ind1="1" ind2=" ">
    <subfield code="a">Ybarra Moncada, Ma. Carmen</subfield>
    <subfield code="e">asesora</subfield>
  </datafield>
  <datafield tag="700" ind1="1" ind2=" ">
    <subfield code="a">Zamora D&#xED;az, Mauro</subfield>
    <subfield code="e">asesor</subfield>
  </datafield>
  <datafield tag="856" ind1="4" ind2="1">
    <subfield code="u">http://10.13.5.2/tesis/sist111493.pdf</subfield>
    <subfield code="y">DESCARGAR PDF</subfield>
  </datafield>
  <datafield tag="901" ind1=" " ind2=" ">
    <subfield code="a">TESIS M673 2015</subfield>
  </datafield>
  <datafield tag="902" ind1=" " ind2=" ">
    <subfield code="a">M</subfield>
  </datafield>
  <datafield tag="905" ind1=" " ind2=" ">
    <subfield code="a">5232272015                          mx mnl 8223223322spa16</subfield>
  </datafield>
  <datafield tag="942" ind1=" " ind2=" ">
    <subfield code="c">TESIS</subfield>
    <subfield code="2">Clasificaci&#xF3;n Universidad Aut&#xF3;noma Chapingo</subfield>
  </datafield>
  <datafield tag="999" ind1=" " ind2=" ">
    <subfield code="c">176967</subfield>
    <subfield code="d">176967</subfield>
  </datafield>
  <datafield tag="952" ind1=" " ind2=" ">
    <subfield code="0">0</subfield>
    <subfield code="1">0</subfield>
    <subfield code="2">local</subfield>
    <subfield code="4">0</subfield>
    <subfield code="5">5</subfield>
    <subfield code="7">0</subfield>
    <subfield code="8">TESIS</subfield>
    <subfield code="a">IA_</subfield>
    <subfield code="b">IA_</subfield>
    <subfield code="d">2022-01-18</subfield>
    <subfield code="e">El autor</subfield>
    <subfield code="l">1</subfield>
    <subfield code="o">Tesis M673 2015</subfield>
    <subfield code="p">1101009067</subfield>
    <subfield code="r">2024-09-02 18:09:31</subfield>
    <subfield code="s">2024-09-02</subfield>
    <subfield code="t">Ej. 3</subfield>
    <subfield code="w">2022-01-18</subfield>
    <subfield code="y">CD</subfield>
  </datafield>
  <datafield tag="952" ind1=" " ind2=" ">
    <subfield code="0">0</subfield>
    <subfield code="1">0</subfield>
    <subfield code="2">local</subfield>
    <subfield code="4">0</subfield>
    <subfield code="5">1</subfield>
    <subfield code="7">0</subfield>
    <subfield code="8">TESIS</subfield>
    <subfield code="a">IA_</subfield>
    <subfield code="b">IA_</subfield>
    <subfield code="d">2022-01-18</subfield>
    <subfield code="e">El autor</subfield>
    <subfield code="l">0</subfield>
    <subfield code="o">Tesis M673 2015</subfield>
    <subfield code="p">1101009065</subfield>
    <subfield code="r">2026-02-02 00:00:00</subfield>
    <subfield code="t">Ej. 1</subfield>
    <subfield code="w">2022-01-18</subfield>
    <subfield code="y">TESIS</subfield>
  </datafield>
  <datafield tag="952" ind1=" " ind2=" ">
    <subfield code="0">0</subfield>
    <subfield code="1">0</subfield>
    <subfield code="2">local</subfield>
    <subfield code="4">0</subfield>
    <subfield code="5">1</subfield>
    <subfield code="7">0</subfield>
    <subfield code="8">TESIS</subfield>
    <subfield code="a">IA_</subfield>
    <subfield code="b">IA_</subfield>
    <subfield code="d">2022-01-18</subfield>
    <subfield code="e">El autor</subfield>
    <subfield code="l">0</subfield>
    <subfield code="o">Tesis M673 2015</subfield>
    <subfield code="p">1101009066</subfield>
    <subfield code="r">2022-01-18 00:00:00</subfield>
    <subfield code="t">Ej. 2</subfield>
    <subfield code="w">2022-01-18</subfield>
    <subfield code="y">CD</subfield>
  </datafield>
  <datafield tag="952" ind1=" " ind2=" ">
    <subfield code="0">0</subfield>
    <subfield code="1">0</subfield>
    <subfield code="2">local</subfield>
    <subfield code="4">0</subfield>
    <subfield code="7">0</subfield>
    <subfield code="8">TesDigL</subfield>
    <subfield code="a">IA_</subfield>
    <subfield code="b">IA_</subfield>
    <subfield code="c">E_L</subfield>
    <subfield code="d">2024-08-20</subfield>
    <subfield code="e">El autor</subfield>
    <subfield code="l">0</subfield>
    <subfield code="p">1201009065</subfield>
    <subfield code="r">2024-08-20 18:36:29</subfield>
    <subfield code="w">2024-08-20</subfield>
    <subfield code="y">TD</subfield>
  </datafield>
</record>
